Un fallo para repensar la interpretación del art. 700 bis del Código Civil y Comercial / (Registro nro. 5760)
[ vista simple ]
| 000 -LEADER | |
|---|---|
| fixed length control field | 01320nab a22002417a 4500 |
| 003 - CONTROL NUMBER IDENTIFIER | |
| control field | OSt |
| 005 - DATE AND TIME OF LATEST TRANSACTION | |
| control field | 20260105150342.0 |
| 008 - FIXED-LENGTH DATA ELEMENTS--GENERAL INFORMATION | |
| fixed length control field | 190514b xxu||||| |||| 00| 0 spa d |
| 040 ## - CATALOGING SOURCE | |
| Transcribing agency | PJ |
| 100 ## - MAIN ENTRY--PERSONAL NAME | |
| 9 (RLIN) | 6674 |
| Personal name | Corleta, Natalia Daniela |
| 245 10 - TITLE STATEMENT | |
| Title | Un fallo para repensar la interpretación del art. 700 bis del Código Civil y Comercial / |
| Statement of responsibility, etc | Natalia Daniela Corleta. |
| 300 ## - PHYSICAL DESCRIPTION | |
| Extent | p. 127-133 |
| 500 ## - GENERAL NOTE | |
| General note | Cita: TR LALEY AR/DOC/869/2025. |
| 505 ## - FORMATTED CONTENTS NOTE | |
| Formatted contents note | Sumario: I. Introducción.— II. Breve descripción de los hechos del fallo de análisis.— III. La interseccionalidad como fundamento para el fallo.— IV. La reinterpretación del inc. b) del art. 700 bis Cód. Civ. y Com.— V. Conclusión. |
| 505 ## - FORMATTED CONTENTS NOTE | |
| Title | Fallo comentado: JFam. 1a Nom., Catamarca ~ 18/10/2024 ~ A., M. V. c. C. V., F. M. s/ privación de la responsabilidad parental y supresión de apellido. |
| 650 #0 - SUBJECT ADDED ENTRY--TOPICAL TERM | |
| 9 (RLIN) | 967 |
| Topical term or geographic name as entry element | DERECHO DE FAMILIA |
| 650 #0 - SUBJECT ADDED ENTRY--TOPICAL TERM | |
| 9 (RLIN) | 2741 |
| Topical term or geographic name as entry element | DERECHOS DE LAS NIÑAS, NIÑOS Y ADOLESCENTES |
| 650 #0 - SUBJECT ADDED ENTRY--TOPICAL TERM | |
| 9 (RLIN) | 4097 |
| Topical term or geographic name as entry element | INTERES SUPERIOR DEL NIÑO |
| 650 #0 - SUBJECT ADDED ENTRY--TOPICAL TERM | |
| 9 (RLIN) | 6356 |
| Topical term or geographic name as entry element | PRIVACION DE LA RESPONSABILIDAD PARENTAL |
| 650 #0 - SUBJECT ADDED ENTRY--TOPICAL TERM | |
| 9 (RLIN) | 1057 |
| Topical term or geographic name as entry element | JURISPRUDENCIA APLICABLE |
| 773 0# - HOST ITEM ENTRY | |
| Host Biblionumber | 2844 |
| Host Itemnumber | 3222 |
| Place, publisher, and date of publication | Buenos Aires : AbeledoPerrot, 1989- |
| Title | Derecho de familia. Revista Interdisciplinaria de doctrina y jurisprudencia. Junio 2025-III. |
| International Standard Book Number | 18511201 |
| 942 ## - ADDED ENTRY ELEMENTS (KOHA) | |
| Source of classification or shelving scheme | |
| Koha item type | Analítica Artículo de Revista |
No hay ítems disponibles.
